| 000 | 00613nam a2200193 a 4500 | ||
|---|---|---|---|
| 001 | 2807 | ||
| 005 | 20140414132006.0 | ||
| 008 | 051021s19uu xx 00 eng d | ||
| 050 |
_aTR 372.4 _bB35 L.1 |
||
| 100 | _aBereiter, Carl | ||
| 245 |
_aPhonics kit teacher's guide : _bSRA open court reading, L.1 / _cCarl Berietier ...(et al.). |
||
| 260 |
_aColumbus, Ohio : _bSRA/McGraw-Hill, _c2000. |
||
| 300 | _a66 p. ; cm. | ||
| 440 | _aSRA open court reading, orange | ||
| 500 | _aPhonics and fluency--dictation and spelling. | ||
| 526 | _cGrade 3 | ||
| 650 |
_aReading _xStudy and teaching. |
||
| 999 |
_c113170 _d113170 |
||